| 000 | 01275nam a2200385 a 4500 | ||
|---|---|---|---|
| 001 | 77466 | ||
| 003 | BD-RjUL | ||
| 005 | 20211209082956.0 | ||
| 008 | 200922s1972 enke b 001 0 eng d | ||
| 020 | _a071007252X | ||
| 035 | _aCURL 980072188340(Lc ) from rwhc1 | ||
| 035 | _a(BD-RjUL)77691 | ||
| 040 |
_aBD-RjUL _beng _cBD-RjUL |
||
| 041 | _aeng | ||
| 043 | _ae-uk-en | ||
| 082 |
_a822.3 _bSIS 1972 |
||
| 092 | _aD0500710163 | ||
| 100 | 1 |
_aSisson, Charles Jasper, _d1885-1966. _9241528 |
|
| 245 | 1 | 4 |
_aThe Boar's Head Theatre : _ban inn-yard theatre of the Elizabethan age / _cby C. J. Sisson ; edited by Stanley Wells |
| 260 |
_aLondon : _bRoutledge and Kegan Paul, _c1972 |
||
| 300 |
_axx, 100 p. : _bplans ; _c23 cm |
||
| 504 | _aBibliography: p. 95-96 | ||
| 610 | 2 | 0 |
_aBoar's Head Playhouse (Whitechapel, London, England) _9241529 |
| 700 | 1 |
_aWells, Stanley, _d1930- _9241531 |
|
| 942 |
_2ddc _cBK |
||
| 999 |
_c77466 _d77466 |
||